U-Bahn London: Hammersmith&City Line - Statistiken

Allgemein
  • Dieses Quiz wurde 16 mal gespielt
  • Das Durchschnittsergebnis liegt bei 14 aus 29
Antwortstatistiken
Hint Antwort % Korrekt
Stations East Ham D
90%
Stations Hammersmith C
90%
Stations West Ham D D J
90%
Stations Baker Street B C J M
80%
Stations King's Cross St. Pancras C M N P V
80%
Stations Aldgate East D
70%
Stations Euston Square C M
70%
Stations Paddington C
70%
Stations Liverpool Street C C E M O
60%
Stations Barking D O
50%
Stations Edgware Road C D
50%
Stations Farringdon C E M
50%
Stations Goldhawk Road C
50%
Stations Moorgate C M N
50%
Stations Whitechapel D E O
50%
Stations Barbican C M
40%
Stations Great Portland Street C M
40%
Stations Ladbroke Grove C
40%
Stations Mile End C D
40%
Stations Royal Oak C
40%
Stations Wood Lane C
40%
Stations Bow Road D
30%
Stations Bromley-by-Bow D
30%
Stations Latimer Road C
30%
Stations Plaistow D
30%
Stations Upton Park D
30%
Stations Westbourne Park C
30%
Stations Stepney Green D
20%
Stations Sheperd's Bush Market C
0%
Keine übereinstimmenden Quizze gefunden
Verteilung der Resultate
Anzahl Personen mit jedem Resultat
Perzentil nach korrekt beantworteten Fragen
Ihre Resultats-Entwicklung
Sie haben dieses Quiz noch nicht gespielt